00384pab a2200145 454500008004000000100001900040245005900059260000900118300001400127362000800141650001900149650001500168650002100183773003400204180718b2009 xxu||||| |||| 00| 0 eng d aSingh, Kuldeep aDalits politics and leadership after Dr. B.R. Ambedkar c2009 ap.411-27. aJul aAmbedkar, B.R. aLeadership aBackward classes aIndian Journal of Social Work